| 000 | 00728nam a2200277 a 4500 | ||
|---|---|---|---|
| 003 | AR-BaBNM | ||
| 005 | 20251128204556.0 | ||
| 008 | 082120s2002 ||||||||||||||000 | spa|| | ||
| 020 | _a950-10-0265-9 | ||
| 040 | _cAR-BaBNM | ||
| 100 | 1 | _aVettier, Adela | |
| 245 | 0 | 0 |
_aVientos de aventura _bnovela |
| 260 |
_aBuenos Aires _bHuemul _c1990 |
||
| 300 |
_a63 p. _bil. |
||
| 490 | 0 | _aTextos Huemul | |
| 650 | 4 | _aLITERATURA ARGENTINA | |
| 650 | 4 | _aLITERATURA INFANTIL | |
| 650 | 4 | _aLIBROS PARA NIÑOS | |
| 650 | 4 | _aCUENTOS DE AVENTURAS | |
| 655 | _aLITERATURA | ||
| 700 | 1 |
_aVettier, Florencia _eilustrador |
|
| 800 | 1 |
_aRiba, Elsa _edirector |
|
| 800 | 1 |
_aPescetto, Alberto _edirector |
|
| 942 | _cBK | ||
| 998 | _cMARTIN | ||
| 999 |
_c7979 _d7979 |
||